Pays utilisant l'écriture arabe - Statistiques

Statistiques générales
  • Ce quiz a été pris 303 fois
  • Le résultat moyen est 15 sur 25
Réponses sur la Carte
Les réponses sont colorées sur une échelle allant du rouge au vert en fonction du pourcentage des utilisateurs qui les ont devinées à leur premier essai. Vous pouvez retrouver ces pourcentages ci-dessous.
 
Statistiques - réponses
Réponse % Correct
Algérie
92%
Égypte
85%
Maroc
84%
Tunisie
84%
Arabie Saoudite
78%
Libye
78%
Yémen
69%
Oman
68%
Mauritanie
66%
Soudan
61%
Tchad
59%
Iran
57%
Pakistan
57%
Irak
55%
Somalie
55%
Djibouti
52%
Émirats Arabes Unis
52%
Koweït
51%
Afghanistan
50%
Liban
50%
Qatar
50%
Érythrée
48%
Syrie
48%
Jordanie
47%
Bahreïn
39%
Aucun quiz correspondant
Distribution des résultats
% des personnes avec chaque résultat
Percentile par nombre de réponses
Votre historique - résultats
Vous n’avez pas pris ce quiz